<?xml version="1.0" encoding="UTF-8"?>
<record
    xmlns:xsi="http://www.w3.org/2001/XMLSchema-instance"
    xsi:schemaLocation="http://www.loc.gov/MARC21/slim http://www.loc.gov/standards/marcxml/schema/MARC21slim.xsd"
    xmlns="http://www.loc.gov/MARC21/slim">

  <leader>02149nam a22002772a 4500</leader>
  <datafield tag="020" ind1=" " ind2=" ">
    <subfield code="a">97818466193897</subfield>
    <subfield code="q">Paperback</subfield>
  </datafield>
  <datafield tag="040" ind1=" " ind2=" ">
    <subfield code="c">NSHSPK</subfield>
  </datafield>
  <datafield tag="082" ind1=" " ind2=" ">
    <subfield code="a">617.5</subfield>
    <subfield code="b">MAN</subfield>
  </datafield>
  <datafield tag="100" ind1=" " ind2=" ">
    <subfield code="a">Mannu, Gurdeep Singh</subfield>
    <subfield code="9">126764</subfield>
  </datafield>
  <datafield tag="245" ind1=" " ind2=" ">
    <subfield code="a">ENT MCQs for medical students :</subfield>
    <subfield code="b">with explanatory answers /</subfield>
    <subfield code="c">Gurdeep Singh Mannu, Tunde Odutoye and foreword by Samir Soma.</subfield>
  </datafield>
  <datafield tag="246" ind1="0" ind2="3">
    <subfield code="a"> ENT multiple choice questions for medical students</subfield>
  </datafield>
  <datafield tag="250" ind1=" " ind2=" ">
    <subfield code="a">First edition.</subfield>
  </datafield>
  <datafield tag="260" ind1=" " ind2=" ">
    <subfield code="a">London :</subfield>
    <subfield code="b">CRC Press, Taylor &amp; Francis Group,</subfield>
    <subfield code="c">2010.</subfield>
  </datafield>
  <datafield tag="300" ind1=" " ind2=" ">
    <subfield code="a">vii, 175 pages :</subfield>
    <subfield code="c">24 cm.</subfield>
  </datafield>
  <datafield tag="440" ind1=" " ind2=" ">
    <subfield code="a">MasterPass</subfield>
    <subfield code="9">126765</subfield>
  </datafield>
  <datafield tag="500" ind1=" " ind2=" ">
    <subfield code="a">Includes index.</subfield>
  </datafield>
  <datafield tag="500" ind1=" " ind2=" ">
    <subfield code="a">Includes bibliographical references.</subfield>
  </datafield>
  <datafield tag="505" ind1="0" ind2=" ">
    <subfield code="a">The Ear -- The Nose -- The Throat -- Head -- Neck -- Surgery.</subfield>
  </datafield>
  <datafield tag="520" ind1="3" ind2=" ">
    <subfield code="a">Ear, Nose and Throat (ENT) surgery has traditionally been a difficult and specialised topic in undergraduate medicine and for junior doctors. Many textbooks are too detailed for undergraduate use, or lack self assessment questions to help those wishing to underpin their learning. This concise and easy-to-read self-assessment guide aims to clarify the topic, and find and fill gaps in understanding. The multiple choice questions (MCQs) contained cover all levels of knowledge and the learning objectives of most of the UK medical school curricula, aiding preparation for end of unit, module and final exams for ENT. This book will be a valuable companion for clinics and teaching sessions and an indispensable revision primer for graduate entry medical curricula. 'An excellent means of preparation for medical undergraduate examinations as gaps in core knowledge are quickly revealed. Further, this text is a good guide for students to identify those subject areas requiring more focused study, especially when time is short.' - From the Foreword by Samir Soma</subfield>
  </datafield>
  <datafield tag="650" ind1=" " ind2="0">
    <subfield code="a">Otolaryngology</subfield>
    <subfield code="x">Examinations, questions, etc.</subfield>
    <subfield code="9">126766</subfield>
  </datafield>
  <datafield tag="650" ind1=" " ind2="0">
    <subfield code="a">Otolaryngology</subfield>
    <subfield code="v">Study guides.</subfield>
    <subfield code="9">126767</subfield>
  </datafield>
  <datafield tag="700" ind1=" " ind2=" ">
    <subfield code="a">Odutoye, Tunde, </subfield>
    <subfield code="e">author.</subfield>
    <subfield code="9">126768</subfield>
  </datafield>
  <datafield tag="700" ind1=" " ind2=" ">
    <subfield code="a">Soma, Sameer,</subfield>
    <subfield code="e">Foreworder</subfield>
    <subfield code="9">126769</subfield>
  </datafield>
  <datafield tag="942" ind1=" " ind2=" ">
    <subfield code="2">ddc</subfield>
    <subfield code="c">BK</subfield>
  </datafield>
  <datafield tag="999" ind1=" " ind2=" ">
    <subfield code="c">612249</subfield>
    <subfield code="d">612249</subfield>
  </datafield>
  <datafield tag="952" ind1=" " ind2=" ">
    <subfield code="0">0</subfield>
    <subfield code="1">0</subfield>
    <subfield code="2">ddc</subfield>
    <subfield code="4">0</subfield>
    <subfield code="7">0</subfield>
    <subfield code="a">NSHS</subfield>
    <subfield code="b">NSHS</subfield>
    <subfield code="c">GEN</subfield>
    <subfield code="d">2024-10-08</subfield>
    <subfield code="e">Allied Book Company</subfield>
    <subfield code="g">11529.00</subfield>
    <subfield code="o">617.5 MAN</subfield>
    <subfield code="p">NSHS-1900</subfield>
    <subfield code="r">2024-11-06</subfield>
    <subfield code="t">c.1</subfield>
    <subfield code="v">23058.00</subfield>
    <subfield code="w">2024-10-08</subfield>
    <subfield code="y">BK</subfield>
  </datafield>
  <datafield tag="952" ind1=" " ind2=" ">
    <subfield code="0">0</subfield>
    <subfield code="1">0</subfield>
    <subfield code="2">ddc</subfield>
    <subfield code="4">0</subfield>
    <subfield code="7">0</subfield>
    <subfield code="a">NSHS</subfield>
    <subfield code="b">NSHS</subfield>
    <subfield code="c">GEN</subfield>
    <subfield code="d">2024-10-08</subfield>
    <subfield code="e">Allied Book Company</subfield>
    <subfield code="g">11529.00</subfield>
    <subfield code="o">617.5 MAN</subfield>
    <subfield code="p">NSHS-1901</subfield>
    <subfield code="r">2024-11-06</subfield>
    <subfield code="t">c.2</subfield>
    <subfield code="v">23058.00</subfield>
    <subfield code="w">2024-10-08</subfield>
    <subfield code="y">BK</subfield>
  </datafield>
  <datafield tag="952" ind1=" " ind2=" ">
    <subfield code="0">0</subfield>
    <subfield code="1">0</subfield>
    <subfield code="2">ddc</subfield>
    <subfield code="4">0</subfield>
    <subfield code="7">1</subfield>
    <subfield code="a">NSHS</subfield>
    <subfield code="b">NSHS</subfield>
    <subfield code="c">REF</subfield>
    <subfield code="d">2024-10-08</subfield>
    <subfield code="e">Allied Book Company</subfield>
    <subfield code="g">11529.00</subfield>
    <subfield code="o">R 617.5 MAN</subfield>
    <subfield code="p">NSHS-1902</subfield>
    <subfield code="r">2024-11-06</subfield>
    <subfield code="t">c.3</subfield>
    <subfield code="v">23058.00</subfield>
    <subfield code="w">2024-10-08</subfield>
    <subfield code="y">BK</subfield>
  </datafield>
</record>
